| 000 | 00710nam a2200193 a 4500 | ||
|---|---|---|---|
| 001 | BRCA_1048 | ||
| 005 | 20190320203246.0 | ||
| 008 | 100408s2000----sp-a---###---#000-0#spa-# | ||
| 050 | 4 |
_aNK1390 _b.D57 2000 |
|
| 245 | 1 | 0 |
_aDiseño de vanguardia _b1880-1940. |
| 260 |
_aMadrid _bMuseo Nacional de Artes Decorativas _c2000 |
||
| 300 |
_a156 p. _bil. a color _c22 cm. |
||
| 500 | _aCatálogo de la exposición realizada en el Museo Nacional de Artes Decorativas (Madrid), 22 febrero - 2 abril, 2000 | ||
| 600 | 1 | 4 |
_aBröhan, Torsten _xColecciones de arte _93458 |
| 650 | 1 | 4 |
_aDiseño _xMovimientos modernistas _ySiglo XX _zEuropa _93459 |
| 650 | 1 | 4 |
_aArt Nouveau _92294 |
| 650 | 1 | 4 |
_aArts and Crafts _93460 |
| 942 |
_2lcc _cB |
||
| 999 |
_c927 _d927 |
||